000 01639nam a22003495i 4500
001 23694462
003 OSt
005 20260204165707.0
008 240515s2024 cau 000 0 eng
010 _a 2024938732
020 _a9781529792607
_q(paperback)
020 _a9781529792614
_q(hardcover)
020 _z9781529679885
_q(epub)
035 _a23694462
040 _beng
_cFoundation University
_erda
042 _apcc
050 _aJA 71
_b.2024 L33
100 1 _aLacatus, Corina,
_eauthor.
_914526
245 1 0 _aQualitative research in politics and international relations :
_ba practical and pluralist guide /
_cCorina Lacatus.
263 _a2412
264 1 _aThousand Oaks :
_bSage,
_c2024.
_42024.
300 _3resource
_axv, 246 pages
_b;
_c24 cm.
_fvolume
336 _atext
_btxt
_2rdacontent
337 _aunmediated
_bn
_2rdamedia
338 _avolume
_bnc
_2rdacarrier
_3resource
504 _aIncludes bibliographical references and index.
520 _a"The only accessible, practical and discipline-specific qualitative methods textbook on the market. Introduces theoretical issues in parallel with step-by-step guidance on 'how to do qualitative research' and 'how it has been done' in seminal published research"--
_cProvided by publisher.
650 _aIntenational relations
_vResearch methodology.
_914527
658 _aPolitical Science, Master of Arts in :
_bTheories of International Relations ;
_cPOL340
856 _uhttps://drive.google.com/file/d/1tRt9fvrXUOoEVRcgDb7Ggyp9SoU8Z8o2/view?usp=sharing
_yClick here to view the table of content
942 _2lcc
_cBK
_hJA 71
_i.2024 L33
_k(CAS-PS)
999 _c5511
_d5511